000 00229nam a2200097Ia 4500
008 170619s9999 xx 000 0 und d
100 _aMahapatra- P.B.
245 0 _aOperations Management A Quantitative
260 _bPHI
260 _c2010
546 _aENGLISH
999 _c20303
_d20303